000
00327nam a2200133Ia 4500
005
20251222144842.0
008
251222s9999||||xx |||||||||||||| ||spa||
020
_a
84-88217-03-X
082
_a
305.4/W26
100
_a
Waring, Marilyn
245
0
_a
Si las Mujeres Contaran:
264
_b
Vindicación Feminista
942
_c
LIB
999
_c
21249
_d
21249